The politics of heroin in Southeast Asia
Spremljeno u:
| Glavni autor: | |
|---|---|
| Format: | Knjiga |
| Jezik: | Undetermined |
| Izdano: |
New York
Harper & Row
1972
|
| Teme: | |
| Oznake: |
Dodaj oznaku
Bez oznaka, Budi prvi tko označuje ovaj zapis!
|
| Thư viện lưu trữ: | Trung tâm Học liệu Trường Đại học Cần Thơ |
|---|
| LEADER | 00567nam a2200193Ia 4500 | ||
|---|---|---|---|
| 001 | CTU_93520 | ||
| 008 | 210402s9999 xx 000 0 und d | ||
| 082 | |a 363.4 | ||
| 082 | |b M478 | ||
| 100 | |a McCoy, Alfred W. | ||
| 245 | 4 | |a The politics of heroin in Southeast Asia | |
| 245 | 0 | |c Alfred W. McCoy, with Cathleen B. Read and Leonard P. Adams II | |
| 260 | |a New York | ||
| 260 | |b Harper & Row | ||
| 260 | |c 1972 | ||
| 650 | |a Heroin,Drug control | ||
| 650 | |z Asia, southeastern | ||
| 904 | |i Bằng | ||
| 980 | |a Trung tâm Học liệu Trường Đại học Cần Thơ | ||